| 000 | 01569cam a2200205 a 4500 | ||
|---|---|---|---|
| 999 |
_c1583 _d1583 |
||
| 020 | _a0205127177 | ||
| 020 | _a0205127193 (study guide) | ||
| 050 | 0 | 0 |
_aTS155 _b.H373 1991 |
| 100 | 1 | _aHeizer, Jay H. | |
| 245 | 1 | 0 |
_aProduction and operations management : _bstrategies and tactics / _cJay Heizer, Barry Render. |
| 250 | _a2nd ed. | ||
| 260 |
_aBoston ; _aToronto : _bAllyn and Bacon, _cc1991. |
||
| 300 |
_axx, 848, 11, 10 p., [24] p. of plates : _bill. (some col.) ; _c26 cm. |
||
| 500 | _aAccompanies study guide prepared by Jay Heizer & John Harpell. | ||
| 505 | _a Strategy and Sustainability Chapter 1: Operations and Supply Chain Management Chapter 2: Strategy and Sustainability Manufacturing and Service Processes Chapter 3: Strategic Capacity Management Chapter 4: Production Processes Chapter 5: Service Processes Chapter 6: Quality Management and Six-sigma Chapter 7: Projects Supply Chain Processes Chapter 8: Global Sourcing and Procurement Chapter 9: Location, Logistics and Distribution Chapter 10: Lean and Sustainable Supply Chains Supply and Demand Planning Chapter 11: Demand Management and Forecasting Chapter 12: Aggregate Operations Planning Chapter 13: Inventory Control Chapter 14: Material Requirements Planning Appendix A. Linear Programming Using the Excel Solver B. Learning Curves C. Answers to Selected Problems D. Present Value Table E. Negative Exponential Distribution F. Areas of the Cumulative Standard Normal Distribution | ||
| 650 | 0 | _aProduction management. | |
| 700 | 1 | _aRender, Barry. | |
| 700 | 1 | _aHarpell, John. | |
| 942 | _cBK | ||